000
00298nam a2200121Ia 4500
008
190216s9999||||xx |||||||||||||| ||und||
100
_a
Ivar Utial
245
0
_a
Quiz Time : Fully Rev And Updated Ed
260
_b
Pusthak Mahal
_c
2005
300
_a
204
650
_a
General Libraries
942
_c
REF
999
_c
36755
_d
36755